Countries with Similar Population as an Unknown Country #1 - Statistics

General Stats
  • This quiz has been taken 806 times
  • The average score is 11 of 21
Answer Stats
Hint Answer % Correct
Greater 10196709 Portugal
69%
Greater 10099265 Sweden
66%
Greater 9006398 Austria
65%
Greater 9660351 Hungary
61%
Lesser 6926908 Serbia
61%
Country 8655535 Israel
60%
Lesser 8654622 Switzerland
60%
Lesser 6948445 Bulgaria
58%
Greater 9449323 Belarus
53%
Greater 9904607 Honduras
52%
Lesser 7275560 Laos
51%
Lesser 6624554 Nicaragua
51%
Lesser 7132538 Paraguay
48%
Greater 9890402 United Arab Emirates
47%
Lesser 6825445 Lebanon
46%
Lesser 8278724 Togo
43%
Greater 9537645 Tajikistan
42%
Greater 10139177 Azerbaijan
41%
Greater 8947024 Papua New Guinea
37%
Lesser 6871292 Libya
35%
Lesser 7976983 Sierra Leone
30%
No matching quizzes found
Score Distribution
Percent of People with Each Score
Percentile by Number Answered
Your Score History
You have not taken this quiz